Sociology of homosexuality
Saved in:
| Other Authors: | , |
|---|---|
| Format: | Book |
| Language: | English |
| Published: |
New York :
Garland,
1992
|
| Series: | Studies in homosexuality ;
; 10 |
| Subjects: | |
| Tags: |
Add Tag
No Tags, Be the first to tag this record!
|
MARC
| LEADER | 00000nam a2200000 i 4500 | ||
|---|---|---|---|
| 001 | 1/5162 | ||
| 008 | 960517s1992 eng d | ||
| 020 | |a 0-8153-0768-3 | ||
| 035 | |l 10015908 | ||
| 040 | |a GR-MY-UA |b gre |e aacr | ||
| 041 | 0 | |a eng | |
| 082 | 0 | |a 306.766 | |
| 245 | 1 | 0 | |a Sociology of homosexuality / |c Edited by Wayne R. Dynes; Stephen Donaldson |
| 260 | |a New York : |b Garland, |c 1992 | ||
| 300 | |a 405 p. |b fig. | ||
| 490 | 1 | |a Studies in homosexuality |v ; 10 | |
| 504 | |a Includes bibliographical references | ||
| 650 | 0 | 0 | |a Homosexuality |z United States. |
| 650 | 0 | 0 | |a Gays |z United States |x Social conditions. |
| 700 | 1 | |a Dynes, Wayne R. |4 edt | |
| 700 | 1 | |a Donaldson, Stephen. |4 edt | |
| 830 | 0 | |a Studies in homosexuality ; |v ; 10 | |
| 852 | |a INST |b LESVOS |e 19960517 |h 306.766 SOC |p 005100010212 |q 005100010212 |t BK |y 0 | ||
| 909 | |a Λ |b 044118 | ||